000 00581nam a2200181 i 4500
001 189577
003 ES-MaACL
005 20250912063058.0
008 190621s1925 sp |||| | spa d
100 1 _aSacristán y Zavala, Antonio,
_d1871-1938
_9101272
245 1 0 _aTeorías de contabilidad general y de administración privada /
_cpor Antonio Sacristán y Zavala.
250 _a2ª ed.
260 _aMadrid :
_bSuc. de Rivadeneyra,
_c1925.
300 _a672 p ;
_c23 cm.
650 0 4 _aContabilidad.
_911307
852 _aES-MaACL
_jA-597
999 _c189577
_d189577